NHL Roster - Edmonton Oilers 2026 - Statistics

General Stats
  • This quiz has been taken 170 times
    17 since last reset
  • The average score is 15 of 26
Answer Stats
# Birthplace Player Name % Correct
Forwards 97 Ontario, CAN Connor McDavid
100%
Defencemen 2 Ontario, CAN Evan Bouchard
100%
Forwards 29 Cologne, DEU Leon Draisaitl
100%
Defencemen 25 Ontario, CAN Darnell Nurse
86%
Defencemen 14 Borlange, SWE Mattias Ekholm
86%
Forwards 93 British Columbia, CAN Ryan Nugent-Hopkins
86%
Goaltenders 39 Saskatchewan Connor Ingram
79%
Goaltenders 35 British Columbia, CAN Tristan Jarry
71%
Forwards 92 Moscow, RUS Vasily Podkolzin
71%
Forwards 18 Ontario, CAN Zach Hyman
71%
Forwards 42 Kuopio, FIN Kasperi Kapanen
64%
Forwards 22 Alberta, CAN Matt Savoie
57%
Goaltenders 30 New Brunswick, CAN Calvin Pickard
50%
Forwards 28 Ohio, USA Jack Roslovic
50%
Defencemen 96 Ontario, CAN Jake Walman
50%
Defencemen 5 Massachusetts, USA Connor Murphy
43%
Forwards 81 Erding, DEU Josh Samanski
43%
Forwards 10 Missouri, USA Trent Frederic
43%
Forwards 19 Ontario, CAN Adam Henrique
36%
Forwards 34 Alberta, CAN Colton Dach
36%
Forwards 13 Danderyd, SWE Mattias Janmark
36%
Defencemen 49 Wisconsin, USA Ty Emberson
36%
Forwards 20 British Columbia, CAN Curtis Lazar
29%
Forwards 46 Michigan, USA Max Jones
29%
Defencemen 24 Illinois, USA Spencer Stastney
21%
Forwards 16 Ontario, CAN Jason Disckinson
0%
No matching quizzes found
Score Distribution
Percent of People with Each Score
Percentile by Number Answered
Your Score History
You have not taken this quiz since the last reset